Cixi : (Record no. 2969)

MARC details
000 -LEADER
fixed length control field 01114cam a2200265 a 4500
001 - CONTROL NUMBER
control field 2969
003 - CONTROL NUMBER IDENTIFIER
control field FISKH
005 - DATE AND TIME OF LATEST TRANSACTION
control field 20260305082044.0
008 - FIXED-LENGTH DATA ELEMENTS--GENERAL INFORMATION
fixed length control field 080402s2009 nyuab b 001 0 eng
010 ## - LIBRARY OF CONGRESS CONTROL NUMBER
LC control number 2008015123
020 ## - INTERNATIONAL STANDARD BOOK NUMBER
International Standard Book Number 0531185559 (pbk.)
020 ## - INTERNATIONAL STANDARD BOOK NUMBER
International Standard Book Number 9780531221716
040 ## - CATALOGING SOURCE
Original cataloging agency DLC
Transcribing agency DLC
Modifying agency DLC
Language of cataloging eng
050 00 - LIBRARY OF CONGRESS CALL NUMBER
Classification number DS763.63.C58
Item number P75 2009
082 00 - DEWEY DECIMAL CLASSIFICATION NUMBER
Classification number 951/.035092
-- B
Edition number 22
100 1# - MAIN ENTRY--PERSONAL NAME
Personal name Price, Sean Stewart
245 10 - TITLE STATEMENT
Title Cixi :
Remainder of title evil empress of China? /
Statement of responsibility, etc. Sean Stewart Price.
260 ## - PUBLICATION, DISTRIBUTION, ETC.
Place of publication, distribution, etc. New York :
Name of publisher, distributor, etc. Scholastic,
Date of publication, distribution, etc. 2009.
300 ## - PHYSICAL DESCRIPTION
Extent 128 pages :
Other physical details illustrations, maps ;
Dimensions 18 cm
490 0# - SERIES STATEMENT
Series statement A wicked history
520 ## - SUMMARY, ETC.
Summary, etc. Discover the life of Cixi, the Empress of China, her devious rise to power to the consequences of supporting the Boxers. The wicked ways of some of the most ruthless rulers to walk the earth are revealed in these thrilling biographies (A Wicked History) about men and women so monstrous, they make Frankenstein look like a sweetheart.
600 00 - SUBJECT ADDED ENTRY--PERSONAL NAME
Personal name Cixi,
Titles and other words associated with a name Empress dowager of China,
Dates associated with a name 1835-1908.
906 ## - LOCAL DATA ELEMENT F, LDF (RLIN)
a 7
b cbc
c orignew
d 1
e ecip
f 20
g y-gencatlg
942 ## - ADDED ENTRY ELEMENTS (KOHA)
Source of classification or shelving scheme Dewey Decimal Classification
Koha item type Books
Suppress in OPAC No
Holdings
Withdrawn status Lost status Source of classification or shelving scheme Damaged status Not for loan Collection Home library Current library Shelving location Date acquired Total Checkouts Full call number Barcode Date last seen Copy number Price effective from Koha item type
    Dewey Decimal Classification     Non-Fiction Footprints International School Library Network Toul Kork Campus Footprints International School Library Network Toul Kork Campus   01/26/2024   PRI 951.035092 DS763.C58 FISSE02074 01/26/2024 1 01/26/2024 Books
    Dewey Decimal Classification     Non-Fiction Footprints International School Library Network Toul Tom Poung Campus Footprints International School Library Network Toul Tom Poung Campus TTP Secondary Non-Fiction Bookshelves 01/26/2024   PRI 951.035092 DS763.C58 FISSE00314 11/01/2024 2 01/26/2024 Books